000
00327nam a22001457a 4500
008
230124b ||||| |||| 00| 0 eng d
020
_a
9781938891106
041
_a
eng
080
_2
SECOND EDITION
_a
311
082
_a
311WAR
100
_a
25
101
_a
STATIC
245
_a
BEGININS STATISTICS
_c
WARREN
942
_2
udc
_c
BK
999
_c
59274
_d
59274